Statistiques concernant Les pays qui contiennent la lettre "Q"

Cliquez ici pour prendre le quiz!

Statistiques générales

  • Ce quiz a été pris 278 fois
    (242 depuis la dernière actualisation)
  • Le résultat moyen est 4 sur 15

Statistiques - réponses

Répondre% Correct
Qatar
79%
Mozambique
53%
République Dominicaine
35%
Equateur
32%
Mexique
27%
Dominique
23%
Jamaique
20%
République centrafricaine
19%
Slovaquie
18%
République Démocratique du Congo
17%
Turquie
15%
République du Congo
13%
Guinee Equatoriale
9%
republic tchèQue
1%
Afrique de Sud
0%

Distribution des résultats

Percentile par nombre de réponses

% des personnes avec chaque résultat

Votre développement - résultats

Vous n’avez pas pris ce quiz depuis la dernière actualisation